Indo-Italica / (Record no. 41860)

MARC details
000 -LEADER
fixed length control field 00816nam a22002417a 4500
005 - DATE AND TIME OF LATEST TRANSACTION
control field 20100813153046.0
010 ## - LCCN (DPL NO)
LC control number ENG-100393
020 ## - INTERNATIONAL STANDARD BOOK NUMBER
Terms of availability 250.00.0
035 ## - SYSTEM CONTROL NUMBER
System control number EN-83925
037 ## - SOURCE OF ACQUISITION
Source of stock number/acquisition DBAD/PUB
082 ## - DEWEY DECIMAL CLASSIFICATION NUMBER
Classification number 327.09540456
100 ## - MAIN ENTRY--PERSONAL NAME
Personal name Dhadphale, M.G.
245 ## - TITLE STATEMENT
Title Indo-Italica /
Statement of responsibility, etc by M.G Dhadphale
260 ## - PUBLICATION, DISTRIBUTION, ETC. (IMPRINT)
Place of publication, distribution, etc Pune
Name of publisher, distributor, etc Savitri Prakashana
Date of publication, distribution, etc 2009
270 ## - ADDRESS
City Pune
Postal code 411030
Address 2,Yashodeep -B,Rambaug Colony,SadashivPeth
300 ## - PHYSICAL DESCRIPTION
Extent 141p.
Dimensions 20cm (pbk)
500 ## - GENERAL NOTE
General note Includes bibliographical references
650 ## - SUBJECT ADDED ENTRY--TOPICAL TERM
Topical term or geographic name as entry element International Relation
700 ## - ADDED ENTRY--PERSONAL NAME
9 (RLIN) 12759
700 ## - ADDED ENTRY--PERSONAL NAME
9 (RLIN) 12760
942 ## - ADDED ENTRY ELEMENTS (KOHA)
Source of classification or shelving scheme Dewey Decimal Classification
Item type English Books
Classification part 327.09540456
Call number suffix DHA
Holdings
Withdrawn status Lost status Not for loan Collection code Home library Current library Date acquired Source of acquisition Cost, normal purchase price Full call number Barcode Copy number Cost, replacement price Koha item type
    Not For Loan Non-fiction D.B.Act.Division D.B.Act.Division 14/08/2010 DBAD/PUB 250.00 327.09540456 DHA EN-83925 1 250.00 English Books

© Delhi Public Library
Hit Counter
free hit counter